000 00276nam a22001217a 4500
008 170620b xxu||||| |||| 00| 0 eng d
041 _aeng
080 _a32
100 _a20
101 _aSHP
245 _aVENEZUELA THE DEMOCRATIC EXPERIENCE
_cMARTZ.J.D
942 _2udc
_cBK
999 _c18238
_d18238